Los 10 Mandamientos (Nanatsu no taizai) - Estadísticas

Estadísticas generales
  • Esta prueba ha sido intentada 16 veces
  • La puntuación promedio es 9 de 15
Estadísticas de respuestas
Mandamiento Portador % Correcto
Piedad Actual Zeldris
100%
Amor Actual Estarossa
91%
Verdad Actual Galand
91%
Fe Actual Melascula
91%
Amor Anterior Meliodas
82%
Pureza Actual Derieri
73%
Paciencia Actual Drole
73%
Reposo Actual Gloxinia
64%
Reticencia Actual Monspeet
64%
Desinterés Actual Fraudrin
45%
Desinterés Anterior Gowther
45%
Paciencia Anterior Aranak
18%
Piedad Anterior Calmadios
9%
Reposo Anterior Zeno
9%
Pacifismo Actual Grayroar
0%
No se encontraron pruebas coincidentes
Distribución de puntuación
Porcentaje de gente con cada puntuación
Porcentaje por número respondido
Historial de tus puntuaciones
No has intentado esta prueba.